00361 a2200109 4500001000900000005001700009008004100026245008500067100002100152700002400173773005400197ART_759520260410161637.0260409a 10aEl tratamiento contable de las exportaciones en el marco de los tributos locales1 aLorenzo, Armando1 aCavalli, César M.0 tConsultor tributariog- Nº 3 (may. 2007)wREV474